Загрузка...

Gammelbhas /

Библиографические подробности
Главный автор: Krishnachand Sharma
Формат: Printed Book
Язык:Hindi
Опубликовано: Lokdeep , 1976.
LEADER 00368nam a2200121Ia 4500
008 150624b xxu||||| |||| 00| | hin d
100 |a Krishnachand Sharma 
245 |c Krishnachand Sharma  |a Gammelbhas / 
260 |b Lokdeep ,  |c 1976. 
546 |a In Hindi. 
942 |c BK 
999 |c 93638  |d 93638 
952 |0 0  |1 0  |4 0  |7 0  |9 93580  |a UL  |b UL  |c ST1  |d 2012-10-27  |l 0  |p G574  |r 2012-10-27  |w 2012-10-27  |y BK